000 00922nam a22003257a 4500
001 BR0704960
003 BR-BrBNA
005 20230928102533.0
007 ta
008 230509b bl.||||| |||| 00| 0 por d
040 _aBR-BrBNA
_bpor
_cBiblioteca Nacional de Agricultura
041 _a(Por)
072 _aP07
_b3240
_b8905
090 _ 3240 BR0704960
100 1 _aAssis, C.O. de
110 1 _aUniversidade Federal de Lavras, MG (Brasil)
_0Tese (Mestrado)
245 1 _aSistema alternativo para carbonização de madeira
260 3 _aLavras, MG (Brasil):
_c2007.
300 _a49 p.
500 _aSummaries (Eng, Por); 27 ref.; 9 tables; 11 illus.
650 _aEUCALIPTO
650 _aMADEIRA
650 _aCARVÃO VEGETAL
650 _aCARBONIZAÇÃO
650 _aANÁLISE QUÍMICA
650 _aQUALIDADE
650 _aANÁLISE FÍSICA
909 _a202309
_bLucia
_c55
_dLucia Elande
942 _cBK
999 _c71269
_d71269